000 00353nam a22001457a 4500
008 250423b ||||| |||| 00| 0 eng d
020 _a08789345291991
041 _aeng
080 _21991
_a547HSI
082 _2547HSI
_a547HSI
100 _a15
101 _aBIOKIMI
245 _aFUNDAMENTALS OF MOLECULAR EVOLUTION
_cWEN HSIUNG LI
942 _2udc
_cBK
999 _c60693
_d60693